000 01087cam a22003011 4500
001 17835
003 BD-RjUL
005 20211209000211.0
008 140219t1965 nyuac b 001 0 eng
035 _a(BD-RjUL)17893
035 _a(OCoLC)349530
040 _aDLC
_cODaWU
_dOCoLC
_dDLC
_dBD-RjUL
_beng
041 _aeng
082 0 0 _a821.09
_bFRO 1965
245 1 0 _aFrom sensibility to romanticism :
_bessays presented to Frederick A. Pottle /
_cedited by Frederick W. Hilles and Harold Bloom.
260 _aNew York :
_bOxford University Press,
_cc1965.
300 _avi, 585 p. :
_billus., ports. ;
_c24 cm.
504 _aIncludes index.
650 0 _aEnglish poetry
_y18th century
_xHistory and criticism.
_952039
650 0 _aEnglish poetry
_y19th century
_xHistory and criticism.
_953220
650 0 _aRomanticism
_zGreat Britain.
_955040
700 1 _aHilles, Frederick W.
_q(Frederick Whiley),
_d1900-1975.,
_955041
700 1 _aPottle, Frederick Albert,
_d1897-
_9237620
700 1 _aBloom, Harold,
_9237621
942 _2ddc
_cBK
999 _c17835
_d17835